[Event "LIX C.to Torinese Assoluto Semifinale"]
[Site "Torino ITA"]
[Date "2014.05.19"]
[Round "3"]
[White "Finocchiaro, Gianluca"]
[Black "Fassio, Luca"]
[WhiteElo "2105"]
[BlackElo "2107"]
[Result "0-1"]
[PlyCount "104"]
[EventDate "2014.05.05"]

1. e4 g6 2. d4 Bg7 3. Bc4 c6 4. Nc3 b5 5. Bb3 b4 6. Qf3 e6 7. Nce2 d5 8. e5 Nd7
9. Nh3 h5 10. Bg5 Qc7 11. O-O Ba6 12. Rfe1 Bxe2 13. Qxe2 Nh6 14. Rac1 Nf5 15.
Qd2 a5 16. c4 Qa7 17. cxd5 cxd5 18. Be3 O-O 19. Bc2 Nxe3 20. fxe3 Nb6 21. Nf4
Bh6 22. Qd3 Bxf4 23. exf4 Rfc8 24. g4 hxg4 25. Re2 Qa6 26. Qd1 Rc7 27. Rg2 Rac8
28. Qxg4 Qa7 29. f5 exf5 30. Qxf5 Nc4 31. e6 Qxd4+ 32. Kh1 Ne5 33. exf7+ Kf8
34. Qf6 Rxc2 35. Rgxc2 Rxc2 36. Qh8+ Kxf7 37. Rf1+ Rf2 38. Qh7+ Ke6 39. Qg8+
Kd6 40. Qd8+ Ke6 41. Qe8+ Kd6 42. Qb8+ Ke7 43. Qc7+ Kf8 44. Qb8+ Kg7 45. Rxf2
Qxf2 46. Qxe5+ Qf6 47. Qc7+ Kh6 48. Qc1+ g5 49. Kg2 d4 50. Qc5 d3 51. Qc1 Qe6
52. Kf2 Qe4 0-1

[Event "LIX C.to Torinese Assoluto Semifinale"]
[Site "Torino ITA"]
[Date "2014.05.19"]
[Round "3"]
[White "Martini, Giorgio"]
[Black "De Barberis, Massimo"]
[WhiteElo "1849"]
[BlackElo "2095"]
[Result "1-0"]
[PlyCount "63"]
[EventDate "2014.05.05"]

1. d4 Nf6 2. c4 e6 3. Nc3 c5 4. d5 exd5 5. cxd5 d6 6. e4 g6 7. Nge2 Bg7 8. Ng3
O-O 9. Be2 Re8 10. O-O a6 11. a4 Nbd7 12. f3 Rb8 13. Be3 Qc7 14. Qd2 Nf8 15. a5
b5 16. axb6 Rxb6 17. Nb1 Nxe4 18. fxe4 Rxb2 19. Qa5 Qb8 20. Nd2 f5 21. Rab1
fxe4 22. Rxb2 Qxb2 23. Qc7 Nd7 24. Nc4 Qc3 25. Qxd6 Be5 26. Qc6 Bd4 27. Bxd4
Qxd4+ 28. Kh1 e3 29. Nd6 Rf8 30. Rxf8+ Nxf8 31. Nxc8 Qa1+ 32. Nf1 1-0

[Event "LIX C.to Torinese Assoluto Semifinale"]
[Site "Torino ITA"]
[Date "2014.05.19"]
[Round "3"]
[White "Melone, Antonio"]
[Black "Yao, Stefano"]
[WhiteElo "2122"]
[BlackElo "2139"]
[Result "0-1"]
[PlyCount "88"]
[EventDate "2014.05.05"]

1. d4 Nf6 2. c4 e6 3. Nc3 d5 4. cxd5 exd5 5. Bg5 Be7 6. e3 O-O 7. Bd3 c6 8. Qc2
Nbd7 9. Nge2 Re8 10. O-O Nf8 11. Rad1 Ng4 12. Bxe7 Qxe7 13. e4 dxe4 14. Nxe4
Ng6 15. Qc5 Be6 16. h3 Nh6 17. Qxe7 Rxe7 18. g4 Bd5 19. N4c3 Bf3 20. Rd2 Nh4
21. Ng3 Bg2 22. f4 Bxh3 23. g5 Ng4 24. Be2 Bxf1 25. Bxg4 Bh3 26. Bd1 Nf5 27.
Nge4 Ne3 28. Bb3 Be6 29. Re2 Bxb3 30. Rxe3 Be6 31. f5 Bxf5 32. Nf6+ Kf8 33. Rf3
Bg6 34. Ng4 Bh5 35. g6 hxg6 36. Rh3 Kg8 37. Ne5 f6 38. Nd3 Rd8 39. Rh4 Kf7 40.
Nc5 Bf3 41. Rf4 Bd5 42. Nd3 g5 43. Rf2 Kg6 44. Rh2 Bc4 0-1

[Event "LIX C.to Torinese Assoluto Semifinale"]
[Site "Torino ITA"]
[Date "2014.05.26"]
[Round "4"]
[White "Castelli, Giovanni J."]
[Black "Raccanello, Marianna"]
[WhiteElo "1897"]
[BlackElo "1582"]
[Result "1-0"]
[PlyCount "47"]
[EventDate "2014.05.05"]

1. e4 e5 2. Nf3 Nc6 3. Bb5 a6 4. Ba4 Nf6 5. d3 Bc5 6. O-O b5 7. Bb3 d6 8. c3
Bb6 9. a4 Rb8 10. axb5 axb5 11. Na3 O-O 12. h3 Bd7 13. Re1 Na5 14. Bc2 c5 15.
Qe2 b4 16. cxb4 cxb4 17. Nc4 b3 18. Nxb6 Qxb6 19. Be3 Qb5 20. Bd1 Ra8 21. Ra3
d5 22. Nxe5 dxe4 23. Nxd7 exd3 24. Nxf6+ 1-0

[Event "LIX C.to Torinese Assoluto Semifinale"]
[Site "Torino ITA"]
[Date "2014.05.26"]
[Round "4"]
[White "Lizzul Coppe, Mirko"]
[Black "Cavezzana, Davide"]
[WhiteElo "1675"]
[BlackElo "1666"]
[Result "1/2-1/2"]
[PlyCount "36"]
[EventDate "2014.05.05"]

1. e4 d6 2. d4 Nf6 3. Nc3 e5 4. f4 exd4 5. Qxd4 Nc6 6. Qd1 Be7 7. Bc4 Be6 8.
Bxe6 fxe6 9. Nf3 Qd7 10. Be3 O-O-O 11. Qd2 d5 12. exd5 exd5 13. O-O-O Bb4 14.
Qd3 Rhe8 15. a3 Bf8 16. h3 h5 17. Rhe1 d4 18. Qf1 Bc5 1/2-1/2

[Event "LIX C.to Torinese Assoluto Semifinale"]
[Site "Torino ITA"]
[Date "2014.06.04"]
[Round "5"]
[White "Fassio, Luca"]
[Black "Yao, Stefano"]
[WhiteElo "2107"]
[BlackElo "2139"]
[Result "0-1"]
[PlyCount "98"]
[EventDate "2014.05.05"]

1. e4 c5 2. c3 b6 3. d4 Bb7 4. Bd3 Nf6 5. Nd2 cxd4 6. cxd4 Nc6 7. Ngf3 Nb4 8.
Bb1 Ba6 9. e5 Nfd5 10. Ne4 Rc8 11. a3 Nc6 12. Ba2 e6 13. Bg5 Qc7 14. Bxd5 exd5
15. Nc3 Ne7 16. Bxe7 Bxe7 17. Nxd5 Qc4 18. Nxe7 Kxe7 19. Qd2 Rhe8 20. Qb4+
Qxb4+ 21. axb4 Rc2 22. Rxa6 Rc1+ 23. Kd2 Rxh1 24. Rxa7 Rf1 25. Ke3 Rb1 26. Rb7
Rxb2 27. Rxb6 f6 28. Nh4 fxe5 29. dxe5 Rb3+ 30. Ke4 g6 31. Nf3 Rc8 32. Nd4 Rb2
33. Rb7 Ke8 34. e6 Rd8 35. e7 Rc8 36. b5 Rb4 37. Kd5 Rcc4 38. Nc6 dxc6+ 39.
bxc6 Rd4+ 40. Kc5 Rbc4+ 41. Kb5 Rc2 42. Kb6 Rb4+ 43. Ka5 Rbc4 44. Rb8+ Kxe7 45.
Rb7+ Kf6 46. Rxh7 Rxc6 47. Rh8 Rb2 48. Rf8+ Kg7 49. Rf4 Rc8 0-1

[Event "LIX C.to Torinese Assoluto Semifinale"]
[Site "Torino ITA"]
[Date "2014.06.04"]
[Round "5"]
[White "Melone, Antonio"]
[Black "Finocchiaro, Gianluca"]
[WhiteElo "2122"]
[BlackElo "2105"]
[Result "1-0"]
[PlyCount "89"]
[EventDate "2014.05.05"]

1. d4 Nf6 2. c4 e5 3. dxe5 Ne4 4. Nf3 b6 5. Nbd2 Bb4 6. a3 Bxd2+ 7. Bxd2 Nxd2
8. Qxd2 Bb7 9. e3 Qe7 10. O-O-O Nc6 11. Qc3 O-O-O 12. Be2 Rhe8 13. Rd5 Nb8 14.
Rd4 Bxf3 15. gxf3 Qxe5 16. Qc2 g6 17. f4 Qe6 18. Rhd1 Nc6 19. Rd5 Qh3 20. c5
Qxh2 21. cxb6 cxb6 22. Kb1 Qg2 23. b4 Qe4 24. Bd3 Qf3 25. Ba6+ Kb8 26. Rxd7
Rxd7 27. Rxd7 Qe4 28. Qxe4 Rxe4 29. Rb7+ Ka8 30. Rxf7 Re7 31. Rxe7 Nxe7 32. Kc2
Kb8 33. e4 Kc7 34. Kd3 h5 35. Kd4 Kd6 36. Be2 Nc6+ 37. Kc4 h4 38. Bg4 Ne7 39.
b5 g5 40. e5+ Kc7 41. f5 Ng8 42. f3 Nh6 43. Bh3 Nf7 44. Kd5 Nd8 45. f6 1-0

[Event "LIX C.to Torinese Assoluto Semifinale"]
[Site "Torino ITA"]
[Date "2014.06.09"]
[Round "6"]
[White "Lizzul Coppe, Mirko"]
[Black "Martini, Giorgio"]
[WhiteElo "1675"]
[BlackElo "1849"]
[Result "1-0"]
[PlyCount "71"]
[EventDate "2014.05.05"]

1. e4 c5 2. Nf3 Nc6 3. d4 cxd4 4. Nxd4 Nf6 5. Nc3 e5 6. Ndb5 d6 7. Bg5 a6 8.
Na3 b5 9. Nd5 Be7 10. Bxf6 Bxf6 11. c3 O-O 12. Nc2 Bg5 13. h4 Bh6 14. Nce3 f5
15. exf5 Bxe3 16. Nxe3 Ne7 17. Qb3+ Kh8 18. g4 Bb7 19. Rg1 Bf3 20. Rg3 e4 21.
Bg2 Bxg2 22. Rxg2 a5 23. Qe6 d5 24. Rd1 Rf6 25. Qe5 Rd6 26. g5 Nc6 27. Qf4 b4
28. f6 g6 29. h5 bxc3 30. hxg6 cxb2 31. g7+ Kg8 32. Nf5 Kf7 33. Nh6+ Ke8 34.
g8=Q+ Kd7 35. Qxd8+ Rxd8 36. Nf7 1-0

[Event "LIX C.to Torinese Assoluto Semifinale"]
[Site "Torino ITA"]
[Date "2014.06.09"]
[Round "6"]
[White "Melone, Antonio"]
[Black "Fassio, Luca"]
[WhiteElo "2122"]
[BlackElo "2107"]
[Result "1-0"]
[PlyCount "65"]
[EventDate "2014.05.05"]

1. d4 Nf6 2. c4 c5 3. d5 e6 4. Nc3 exd5 5. cxd5 d6 6. e4 g6 7. f3 Bg7 8. Be3 a6
9. a4 O-O 10. Nge2 Nbd7 11. Nc1 Ne8 12. Be2 f5 13. exf5 gxf5 14. Nd3 Ndf6 15.
O-O Rb8 16. b4 c4 17. Nf4 b5 18. axb5 axb5 19. Ra7 Nc7 20. Qd2 Re8 21. Bd4 Rb7
22. Rfa1 Re7 23. Rxb7 Bxb7 24. Ra7 Ba8 25. Rxc7 Qxc7 26. Nxb5 Qb8 27. Bxc4 Ne8
28. Ne6 Bxd4+ 29. Qxd4 Ng7 30. Qf6 Qe8 31. Nxd6 Rxe6 32. dxe6 Qc6 33. Qf7+ 1-0

[Event "LIX C.to Torinese Assoluto Semifinale"]
[Site "Torino ITA"]
[Date "2014.06.09"]
[Round "6"]
[White "Yao, Stefano"]
[Black "Parisi, Gianmario"]
[WhiteElo "2139"]
[BlackElo "1812"]
[Result "1/2-1/2"]
[PlyCount "64"]
[EventDate "2014.05.05"]

1. d4 e6 2. c4 f5 3. g3 Nf6 4. Bg2 Be7 5. Nf3 O-O 6. O-O d6 7. Nc3 Ne4 8. Qc2
Nxc3 9. Qxc3 a5 10. b3 Nc6 11. Bb2 Bf6 12. Rad1 Qe8 13. Qd2 e5 14. dxe5 dxe5
15. e4 f4 16. Qe2 Qg6 17. Kh1 Be6 18. Ba3 Rfe8 19. Bc1 fxg3 20. fxg3 a4 21. Be3
axb3 22. axb3 Ra3 23. Rb1 Rea8 24. Bc1 Ra2 25. Rb2 Ra1 26. Bd2 Bg4 27. Bc3 Nd4
28. Bxd4 exd4 29. Rbb1 R1a2 30. Rb2 Ra1 31. Rbb1 R1a2 32. Rb2 Ra1 1/2-1/2

[Event "LIX C.to Torinese Assoluto Semifinale"]
[Site "Torino ITA"]
[Date "2014.06.16"]
[Round "7"]
[White "Castelli, Giovanni J."]
[Black "Yao, Stefano"]
[WhiteElo "1897"]
[BlackElo "2139"]
[Result "0-1"]
[PlyCount "58"]
[EventDate "2014.05.05"]

1. e4 c5 2. Nf3 Nc6 3. d4 cxd4 4. Nxd4 Nf6 5. Nc3 d6 6. Be2 e5 7. Nb3 Be7 8.
O-O O-O 9. Be3 a5 10. a4 Nb4 11. Re1 Be6 12. Qd2 Rc8 13. Rac1 Rxc3 14. bxc3
Nxe4 15. Qd1 Nxc3 16. Qd2 Ne4 17. Qd1 d5 18. Bd2 Nxd2 19. Nxd2 Na2 20. Ra1 Nc3
21. Qc1 Bg5 22. Ra3 d4 23. Bf3 Bf4 24. g3 Qg5 25. h4 Qg6 26. Bg2 Bh6 27. Rxe5
Qf6 28. Re1 Bc4 29. Ne4 Nxe4 0-1

[Event "LIX C.to Torinese Assoluto Semifinale"]
[Site "Torino ITA"]
[Date "2014.06.16"]
[Round "7"]
[White "Lizzul Coppe, Mirko"]
[Black "Melone, Antonio"]
[WhiteElo "1675"]
[BlackElo "2122"]
[Result "1/2-1/2"]
[PlyCount "71"]
[EventDate "2014.05.05"]

1. e4 c5 2. Nf3 d6 3. d4 cxd4 4. Nxd4 Nf6 5. Nc3 a6 6. Be3 e5 7. Nb3 Be6 8. Qd2
Nbd7 9. O-O-O Be7 10. f3 O-O 11. g4 b5 12. h4 b4 13. Nd5 Bxd5 14. exd5 a5 15.
Kb1 Nb6 16. Bxb6 Qxb6 17. Qd3 a4 18. Nd2 Rfc8 19. Nc4 Qb7 20. h5 Rc5 21. Ne3
Raa5 22. Bg2 Rab5 23. Qe2 Qa7 24. f4 exf4 25. Nf5 Bf8 26. Nd4 Rb7 27. Nc6 Qb6
28. b3 Rc3 29. g5 Re3 30. Qc4 Ng4 31. Qxf4 Nf2 32. Rde1 Rc3 33. g6 axb3 34.
gxh7+ Kxh7 35. Be4+ Kg8 36. cxb3 1/2-1/2

[Event "C.to Provinciale BG"]
[Site "Treviglio ITA"]
[Date "2014.01.18"]
[Round "1"]
[White "Acunzo, Domenico"]
[Black "Locatelli, Andrea"]
[WhiteElo "1730"]
[BlackElo "2110"]
[Result "0-1"]
[PlyCount "94"]
[EventDate "2014.01.18"]

1. e4 c5 2. Nf3 e6 3. d4 cxd4 4. Nxd4 a6 5. Nc3 Qc7 6. Bd3 b5 7. O-O Bb7 8. Re1
Nc6 9. Nf3 d6 10. Bf4 Nf6 11. a3 Be7 12. e5 dxe5 13. Nxe5 Nxe5 14. Bxe5 Qc6 15.
f3 Bc5+ 16. Kf1 Ba7 17. Re2 Qb6 18. Ke1 O-O-O 19. Kd2 Nd7 20. Bg3 Nc5 21. Bf2
Qd6 22. Bxc5 Bxc5 23. Kc1 Qxh2 24. Kb1 Kb8 25. Qe1 Qc7 26. Ne4 Be7 27. Nd2 Rd7
28. Nb3 Bd5 29. Be4 Rhd8 30. Bxd5 Rxd5 31. Ka2 Bf6 32. Re4 Re5 33. f4 Rxe4 34.
Qxe4 Qc4 35. Qxc4 bxc4 36. Na5 Rd2 37. Rc1 c3 38. bxc3 Rxg2 39. Nc6+ Kc7 40.
Nd4 Bxd4 41. cxd4 Rf2 42. Kb3 Rxf4 43. Rd1 h5 44. c4 h4 45. Kb4 h3 46. Ka5 h2
47. Kxa6 Rxd4 0-1

[Event "C.to Provinciale BG"]
[Site "Treviglio ITA"]
[Date "2014.01.18"]
[Round "1"]
[White "Andolfatto, Maria"]
[Black "Oteri, Aldo"]
[WhiteElo "1493"]
[BlackElo "1799"]
[Result "1/2-1/2"]
[PlyCount "88"]
[EventDate "2014.01.18"]

1. e4 e6 2. d4 d5 3. e5 c5 4. c3 Nc6 5. Nf3 Qb6 6. Be2 f6 7. O-O fxe5 8. dxe5
Nge7 9. Re1 Ng6 10. Bd3 Be7 11. b3 Bd7 12. Bxg6+ hxg6 13. Qd3 Kf7 14. Ng5+ Bxg5
15. Bxg5 Raf8 16. Nd2 Be8 17. Nf3 Ne7 18. b4 c4 19. Qe3 Qxe3 20. Bxe3 b6 21.
Ng5+ Kg8 22. Nxe6 Rf5 23. f4 Rfh5 24. Ng5 Rxh2 25. Nh3 R2xh3 26. gxh3 Rxh3 27.
Kg2 Rh5 28. Rh1 Nf5 29. Bf2 Kf7 30. a4 Ne7 31. a5 d4 32. Rxh5 gxh5 33. Bxd4
bxa5 34. bxa5 a6 35. e6+ Kxe6 36. Bxg7 Kf5 37. Re1 Bc6+ 38. Kg3 Ng6 39. Bh6 h4+
40. Kh3 Nxf4+ 41. Bxf4 Kxf4 42. Kxh4 Be4 43. Rd1 Ke3 44. Kg5 Bd3 1/2-1/2

[Event "C.to Provinciale BG"]
[Site "Treviglio ITA"]
[Date "2014.01.18"]
[Round "1"]
[White "Biava, Pierluigi"]
[Black "Villa, Giorgio"]
[WhiteElo "1691"]
[BlackElo "1963"]
[Result "0-1"]
[PlyCount "48"]
[EventDate "2014.01.18"]

1. e4 c6 2. c4 d5 3. Nc3 d4 4. Nce2 e5 5. Nf3 Qc7 6. d3 Nf6 7. h3 Nbd7 8. g4 h6
9. Ng3 g6 10. Bd2 Be7 11. Qc1 h5 12. g5 Nh7 13. h4 Nhf8 14. Bh3 Nc5 15. Ke2
Bxh3 16. Rxh3 a5 17. Ng1 Nfe6 18. Nf1 Bd6 19. Rf3 Qe7 20. b4 axb4 21. Bxb4 Nxd3
22. Kxd3 Bxb4 23. Qc2 Nf4+ 24. Rxf4 Ra3+ 0-1

[Event "C.to Provinciale BG"]
[Site "Treviglio ITA"]
[Date "2014.01.18"]
[Round "1"]
[White "Bonassi, Tommaso"]
[Black "Raimondi, Celso"]
[WhiteElo "1953"]
[BlackElo "1666"]
[Result "1-0"]
[PlyCount "65"]
[EventDate "2014.01.18"]

1. e4 c5 2. Nf3 d6 3. d4 cxd4 4. Nxd4 Nf6 5. Nc3 a6 6. Be2 e6 7. a4 Be7 8. O-O
Qc7 9. Kh1 b6 10. f4 Nc6 11. Nb3 Bb7 12. Bf3 O-O 13. Be3 Rac8 14. Qe1 Nd7 15.
g4 Rfe8 16. g5 Bf8 17. Rg1 Ne7 18. Rg3 g6 19. Rh3 Bg7 20. Qh4 Nf8 21. Nd4 e5
22. Nde2 exf4 23. Bxf4 Rcd8 24. Rf1 Qc5 25. Bg2 Be5 26. Be3 Qc6 27. Qf2 Qc4 28.
b3 Qe6 29. Nd4 Bxd4 30. Bxd4 Rd7 31. Rf3 Nc6 32. Bh3 f5 33. gxf6 1-0

[Event "C.to Provinciale BG"]
[Site "Treviglio ITA"]
[Date "2014.01.18"]
[Round "1"]
[White "Catalano, Piero"]
[Black "Ventura, Salvatore"]
[WhiteElo "1700"]
[BlackElo "2045"]
[Result "0-1"]
[PlyCount "106"]
[EventDate "2014.01.18"]

1. e4 c5 2. Nc3 Nc6 3. Nge2 g6 4. d4 cxd4 5. Nxd4 Bg7 6. Be3 Nf6 7. f3 O-O 8.
Bc4 Qb6 9. Qd2 Nxe4 10. Nxc6 Qxc6 11. Bxf7+ Rxf7 12. Nxe4 Bxb2 13. Rb1 Bg7 14.
O-O b6 15. Rfd1 d6 16. c3 Bf5 17. Rb4 Bxe4 18. Rxe4 Bxc3 19. Qd3 Bf6 20. Rc4
Qd7 21. Rdc1 Qf5 22. Qb3 Kg7 23. Rc7 Rff8 24. Qc4 d5 25. Qb4 Kh8 26. Bh6 Rfc8
27. Be3 Rxc7 28. Rxc7 Qe5 29. Bf4 Qd4+ 30. Qxd4 Bxd4+ 31. Kf1 Bf6 32. Ke2 Kg8
33. Kd3 Kf7 34. g4 Ke6 35. Bg3 Bb2 36. h3 Ba3 37. f4 b5 38. Kd4 a5 39. f5+ gxf5
40. gxf5+ Kxf5 41. Kxd5 Rg8 42. Rc3 Rd8+ 43. Kc6 Rc8+ 44. Bc7 Bd6 45. Kxb5 Rxc7
46. Rd3 Rc5+ 47. Kb6 Ke4 48. Rb3 Kd4 49. Rf3 a4 50. Rf2 Rc3 51. Rg2 h5 52. h4
Rh3 53. Rd2+ Kc3 0-1

[Event "C.to Provinciale BG"]
[Site "Treviglio ITA"]
[Date "2014.01.18"]
[Round "1"]
[White "Cattaneo, Marco"]
[Black "Guerini, Sara"]
[WhiteElo "2129"]
[BlackElo "1754"]
[Result "1-0"]
[PlyCount "55"]
[EventDate "2014.01.18"]

1. d4 d5 2. c4 e6 3. Nc3 Nf6 4. cxd5 exd5 5. Bg5 Be7 6. e3 Nbd7 7. Nf3 O-O 8.
Bd3 c6 9. Qc2 h6 10. Bf4 b6 11. h3 Bb7 12. O-O c5 13. Rfd1 Rc8 14. Qe2 c4 15.
Bf5 Re8 16. Ne5 Bb4 17. Nxd7 Nxd7 18. Bxh6 Bf8 19. Bf4 Bc6 20. Qg4 Nf6 21. Qh4
Ra8 22. Be5 Be7 23. Ne2 Bd7 24. Ng3 Qc8 25. Qg5 Qc6 26. Bxd7 Qxd7 27. Nf5 g6
28. Nxe7+ 1-0

[Event "C.to Provinciale BG"]
[Site "Treviglio ITA"]
[Date "2014.01.18"]
[Round "1"]
[White "Colonetti, Fabio"]
[Black "Filice, Davide"]
[WhiteElo "1475"]
[BlackElo "1783"]
[Result "0-1"]
[PlyCount "34"]
[EventDate "2014.01.18"]

1. e4 e5 2. Nf3 Nc6 3. Bb5 a6 4. Ba4 f5 5. d3 fxe4 6. dxe4 Nf6 7. Nbd2 Bc5 8.
O-O d6 9. h3 O-O 10. Re1 Qe8 11. Nf1 Nh5 12. Ne3 Nf4 13. Nd5 Nxh3+ 14. gxh3 Qh5
15. Ng5 Bxf2+ 16. Kg2 Qh4 17. Rf1 Bxh3+ 0-1

[Event "C.to Provinciale BG"]
[Site "Treviglio ITA"]
[Date "2014.01.18"]
[Round "1"]
[White "Ferrari, Paolo"]
[Black "Corbellini, Nicola"]
[WhiteElo "1661"]
[BlackElo "1938"]
[Result "1/2-1/2"]
[PlyCount "103"]
[EventDate "2014.01.18"]

1. d4 d5 2. c4 e6 3. Nc3 Nf6 4. Bg5 Nbd7 5. Nf3 c6 6. e3 Qa5 7. Nd2 Bb4 8. Qc2
O-O 9. Nb3 Qc7 10. Bd3 c5 11. Nd2 a6 12. O-O dxc4 13. Nxc4 cxd4 14. exd4 b5 15.
Nd2 Bb7 16. Rac1 h6 17. Bh4 Rac8 18. Nde4 Nxe4 19. Bxe4 Bd6 20. Bg3 Bxg3 21.
hxg3 Nf6 22. Bxb7 Qxb7 23. Qd3 Rfd8 24. f3 Qb6 25. Ne2 Nd5 26. a3 Ne7 27. Rxc8
Rxc8 28. Rc1 Rd8 29. Qc3 Nf5 30. Qc5 Qd6 31. Qxd6 Rxd6 32. Rc8+ Kh7 33. Rc7 Kg8
34. Rc8+ Kh7 35. Rc7 f6 36. Ra7 Ne3 37. Nc3 Rxd4 38. Rxa6 Rd2 39. Rxe6 Nxg2 40.
Re2 Rxe2 41. Nxe2 Ne3 42. Nd4 Nc4 43. Nxb5 Nxb2 44. Nc3 Kg6 45. Kf2 Kf5 46. g4+
Ke5 47. Ne4 g6 48. Ke2 h5 49. gxh5 gxh5 50. Kf2 f5 51. Nc3 Kf4 52. Ne2+ 1/2-1/2

[Event "C.to Provinciale BG"]
[Site "Treviglio ITA"]
[Date "2014.01.18"]
[Round "1"]
[White "Guerini, Silvia jr"]
[Black "Attuati, Luca"]
[WhiteElo "1823"]
[BlackElo "1519"]
[Result "1-0"]
[PlyCount "83"]
[EventDate "2014.01.18"]

1. e4 d5 2. exd5 Qxd5 3. Nc3 Qa5 4. d4 Nf6 5. Nf3 Bg4 6. h3 Bh5 7. Bd2 c6 8. a3
Nbd7 9. Bc4 e6 10. Qe2 b5 11. Nxb5 Qb6 12. Nc3 Bd6 13. O-O O-O 14. Bd3 Rfe8 15.
Ne4 Nxe4 16. Bxe4 Rab8 17. Bxh7+ Kf8 18. Be4 f5 19. Bd3 e5 20. dxe5 Qxb2 21.
Qe3 Bxf3 22. Qxf3 Qxe5 23. Qxf5+ Qxf5 24. Bxf5 Nf6 25. Bd3 c5 26. a4 Be5 27.
Rab1 Rb6 28. Be3 Bd4 29. Bxd4 cxd4 30. Rxb6 axb6 31. Rb1 Nd5 32. Rb5 Nc3 33.
Rxb6 Nxa4 34. Rb4 Nc3 35. Rxd4 Ne2+ 36. Bxe2 Rxe2 37. c4 Re1+ 38. Kh2 Rc1 39.
Kg3 Kf7 40. Kf4 Rc2 41. Ke5 Rxf2 42. Rf4+ 1-0

[Event "C.to Provinciale BG"]
[Site "Treviglio ITA"]
[Date "2014.01.18"]
[Round "1"]
[White "Leoni, Livio"]
[Black "Caldi, Irene"]
[WhiteElo "2052"]
[BlackElo "1715"]
[Result "1-0"]
[PlyCount "35"]
[EventDate "2014.01.18"]

1. e4 e5 2. Nf3 Nc6 3. Bb5 a6 4. Ba4 Nf6 5. O-O b5 6. Bb3 Be7 7. Re1 O-O 8. c3
Bb7 9. d4 d6 10. a3 Re8 11. Nbd2 Bf8 12. d5 Nb8 13. Nf1 Nbd7 14. Ng3 c6 15.
dxc6 Bxc6 16. Ng5 d5 17. exd5 Bxd5 18. Bxd5 1-0

[Event "C.to Provinciale BG"]
[Site "Treviglio ITA"]
[Date "2014.01.18"]
[Round "1"]
[White "Mansueti, Marco"]
[Black "Folcini, Gaddo"]
[WhiteElo "1865"]
[BlackElo "1579"]
[Result "1-0"]
[PlyCount "41"]
[EventDate "2014.01.18"]

1. e4 e5 2. Nf3 d5 3. exd5 e4 4. Qe2 Nf6 5. Nc3 Bf5 6. Nh4 Bg4 7. f3 Bh5 8.
Nxe4 Nxe4 9. Qxe4+ Be7 10. Nf5 O-O 11. Nxe7+ Kh8 12. Bd3 Bg6 13. Nxg6+ fxg6 14.
O-O Nd7 15. b3 Qg5 16. Bb2 Rf4 17. Qe3 Raf8 18. Rae1 Qh5 19. Qe7 R4f7 20. Qe6
h6 21. Bxg6 1-0

[Event "C.to Provinciale BG"]
[Site "Treviglio ITA"]
[Date "2014.01.18"]
[Round "1"]
[White "Ranfagni, Stefano"]
[Black "Sorbera, Paolo"]
[WhiteElo "2005"]
[BlackElo "1696"]
[Result "1-0"]
[PlyCount "97"]
[EventDate "2014.01.18"]

1. e4 e5 2. Nf3 Nc6 3. Bb5 a6 4. Ba4 Nf6 5. Qe2 b5 6. Bb3 Bc5 7. a4 b4 8. Bxf7+
Kf8 9. Bd5 Qe7 10. O-O Rb8 11. d3 Nd4 12. Nxd4 Bxd4 13. Bc4 a5 14. Nd2 d6 15.
h3 Bd7 16. Nb3 Bb6 17. Be3 Be6 18. Bxe6 Qxe6 19. Bxb6 cxb6 20. Nd2 g6 21. Nc4
Kg7 22. f4 exf4 23. Rxf4 d5 24. Raf1 Rhf8 25. e5 Nd7 26. Rxf8 Rxf8 27. Rxf8
Kxf8 28. Qf3+ Kg7 29. Ne3 Qxe5 30. b3 Nf6 31. Kf2 h5 32. Qg3 Qxg3+ 33. Kxg3 d4
34. Nc4 Nd5 35. Kf3 Kf6 36. Ke4 Ne3 37. Nxe3 dxe3 38. Kxe3 Ke5 39. d4+ Kf5 40.
Kf3 h4 41. Ke3 Ke6 42. Ke4 Kd6 43. d5 Kd7 44. Ke5 Ke7 45. d6+ Kd7 46. Kd5 Kd8
47. Kc6 Ke8 48. d7+ Kd8 49. Kd6 1-0

[Event "C.to Provinciale BG"]
[Site "Treviglio ITA"]
[Date "2014.01.18"]
[Round "1"]
[White "Scarabelli, Maurizio"]
[Black "Maffeis, Fabio"]
[WhiteElo "1791"]
[BlackElo "1490"]
[Result "1-0"]
[PlyCount "55"]
[EventDate "2014.01.18"]

1. e4 d5 2. exd5 Qxd5 3. Nc3 Qa5 4. Rb1 c6 5. b4 Qc7 6. b5 Bf5 7. Nf3 Nf6 8.
Ba3 c5 9. Bc4 Nbd7 10. O-O Nb6 11. Be2 e5 12. Re1 Bd6 13. h3 O-O 14. d3 Rad8
15. Nh4 Be6 16. Bf1 c4 17. Bxd6 Rxd6 18. Ne4 Nxe4 19. Rxe4 cxd3 20. Bxd3 f5 21.
Rxe5 Rxd3 22. Qe2 Bxa2 23. Ra1 Rd5 24. Re7 Qc4 25. Qe6+ Kh8 26. Ng6+ hxg6 27.
Qxg6 Rg8 28. Qh5# 1-0

[Event "C.to Provinciale BG"]
[Site "Treviglio ITA"]
[Date "2014.01.18"]
[Round "1"]
[White "Tedoldi, Guido"]
[Black "Foglieni, Matteo"]
[WhiteElo "1539"]
[BlackElo "1853"]
[Result "0-1"]
[PlyCount "68"]
[EventDate "2014.01.18"]

1. c4 f5 2. d4 Nf6 3. Nc3 e6 4. Nf3 Be7 5. e3 O-O 6. Bd3 b6 7. O-O Bb7 8. Re1
Ne4 9. Bxe4 fxe4 10. Nd2 d5 11. cxd5 exd5 12. f3 Bd6 13. fxe4 Bxh2+ 14. Kxh2
Qh4+ 15. Kg1 Qf2+ 16. Kh1 Rf6 17. Nf3 Rh6+ 18. Nh2 Qg3 19. Kg1 Qxh2+ 20. Kf2
Rf6+ 21. Ke2 Qxg2+ 22. Kd3 dxe4+ 23. Kc4 Nc6 24. b4 Raf8 25. Nd5 Rf1 26. Bd2
Ne5+ 27. dxe5 Bxd5+ 28. Kc3 Rxe1 29. Bxe1 c6 30. a4 Qg5 31. Bd2 Qxe5+ 32. Kc2
Rf2 33. Ra3 Bc4 34. Kc1 Be2 0-1

[Event "C.to Provinciale BG"]
[Site "Treviglio ITA"]
[Date "2014.01.19"]
[Round "2"]
[White "Attuati, Luca"]
[Black "Biava, Pierluigi"]
[WhiteElo "1519"]
[BlackElo "1691"]
[Result "1-0"]
[PlyCount "59"]
[EventDate "2014.01.18"]

1. e4 c5 2. Nc3 e6 3. Nf3 Nc6 4. Bc4 a6 5. a4 Nf6 6. O-O d6 7. Re1 Be7 8. Rb1
O-O 9. e5 dxe5 10. Nxe5 Qc7 11. Nxc6 Qxc6 12. Bf1 b6 13. d3 Bb7 14. Bf4 Rfd8
15. Qe2 Rd4 16. Bg3 Rad8 17. h3 b5 18. Be5 Rb4 19. Ne4 Nxe4 20. axb5 Qxb5 21.
c4 Qd7 22. dxe4 Bf6 23. Red1 Qe7 24. Bxf6 Qxf6 25. Rxd8+ Qxd8 26. Rd1 Qe7 27.
Rd2 f6 28. Qd1 Bc6 29. Rd8+ Kf7 30. Qh5+ 1-0

[Event "C.to Provinciale BG"]
[Site "Treviglio ITA"]
[Date "2014.01.19"]
[Round "2"]
[White "Caldi, Irene"]
[Black "Tedoldi, Guido"]
[WhiteElo "1715"]
[BlackElo "1539"]
[Result "1-0"]
[PlyCount "61"]
[EventDate "2014.01.18"]

1. e4 c5 2. Nc3 Nc6 3. f4 e5 4. f5 Nf6 5. Bb5 a6 6. Bxc6 bxc6 7. Nf3 Qc7 8. d3
h6 9. O-O d5 10. Qe1 Bd6 11. Qg3 Rg8 12. Re1 Kf8 13. Qh3 Bd7 14. Kh1 Rb8 15.
Rg1 dxe4 16. dxe4 c4 17. Nd2 Bc5 18. Rd1 Bd4 19. Qf3 Bxc3 20. bxc3 c5 21. Nxc4
Bc6 22. Nd2 Rd8 23. Re1 Bb5 24. a4 Bc6 25. Qe3 Bb7 26. Ba3 Ng4 27. Qxc5+ Qxc5
28. Bxc5+ Ke8 29. Re2 g5 30. Nc4 Rc8 31. Nd6+ 1-0

[Event "C.to Provinciale BG"]
[Site "Treviglio ITA"]
[Date "2014.01.19"]
[Round "2"]
[White "Corbellini, Nicola"]
[Black "Scarabelli, Maurizio"]
[WhiteElo "1938"]
[BlackElo "1791"]
[Result "1/2-1/2"]
[PlyCount "131"]
[EventDate "2014.01.18"]

1. e4 c5 2. Nf3 e6 3. d4 cxd4 4. Nxd4 a6 5. Bd3 Bc5 6. Nb3 Be7 7. Nc3 d6 8. O-O
Nf6 9. Be3 O-O 10. f4 Nbd7 11. Qf3 Qc7 12. g4 g6 13. Ne2 b6 14. Ng3 Bb7 15. g5
Ne8 16. c4 Ng7 17. Qg4 f5 18. Qe2 Nc5 19. Nxc5 dxc5 20. Rad1 Rad8 21. Bc1 Rfe8
22. b3 Bd6 23. Qf2 Rf8 24. e5 Be7 25. Be2 Qc6 26. Bf3 Qxf3 27. Qxf3 Bxf3 28.
Rxd8 Rxd8 29. Rxf3 Ne8 30. Kf2 Nc7 31. Ke2 Kg7 32. Rd3 h6 33. h4 h5 34. Rxd8
Bxd8 35. Kd3 a5 36. Ne2 Kf7 37. Nc3 Ke7 38. a3 Na6 39. Be3 Kd7 40. Ne2 Ke7 41.
Kc3 Kf7 42. Nc1 Ke7 43. Nd3 Kd7 44. Ne1 Bc7 45. Nc2 Bd8 46. Bf2 Bc7 47. Ne3 Bd8
48. Nd1 Bc7 49. Kd3 Bd8 50. Nc3 Be7 51. Na4 Kc6 52. Nc3 Kd7 53. Ne2 Bd8 54. Be1
Bc7 55. Bd2 Bd8 56. Bc3 Bc7 57. Kc2 Bd8 58. Be1 Be7 59. Ng3 Bf8 60. Bd2 Kc6 61.
Bc3 Nc7 62. Bd2 Na6 63. Nh1 Nc7 64. Nf2 Na6 65. Nd3 Be7 66. Be1 1/2-1/2